000 00283nam a2200145Ia 4500
100 _aRobinson/ Simon
942 _cBK
654 _aC #
245 _aProfessional C #
260 _bWrox
_c2001
082 _a005.133'C'
_bROB
300 _a1311
546 _aENGLISH
999 _c34017
_d34017